Kỹ năng quản lý điều hành tại ấp - thôn - tổ dân phố
Trình bày sơ lược về ấp, thôn, tổ dân phố, trưởng ấp, thôn, tổ; phương pháp và kĩ năng hoạt động của trưởng ấp, thôn, tổ. Giới thiệu một số tình huống thường gặp và cách xử lý...
Spremljeno u:
| Glavni autor: | |
|---|---|
| Format: | Knjiga |
| Jezik: | Undetermined |
| Izdano: |
Thành phố Hồ Chí Minh
Tổng hợp Thành phố Hồ Chí Minh
2013
|
| Teme: | |
| Oznake: |
Dodaj oznaku
Bez oznaka, Budi prvi tko označuje ovaj zapis!
|
| Thư viện lưu trữ: | Trung tâm Học liệu Trường Đại học Cần Thơ |
|---|
| LEADER | 01015nam a2200205Ia 4500 | ||
|---|---|---|---|
| 001 | CTU_193123 | ||
| 008 | 210402s9999 xx 000 0 und d | ||
| 020 | |c 35000 | ||
| 082 | |a 352.1409597 | ||
| 082 | |b H305 | ||
| 100 | |a Trương, Thị Hiền | ||
| 245 | 0 | |a Kỹ năng quản lý điều hành tại ấp - thôn - tổ dân phố | |
| 245 | 0 | |c Trương Thị Hiền, Lý Thị Như Hòa | |
| 260 | |a Thành phố Hồ Chí Minh | ||
| 260 | |b Tổng hợp Thành phố Hồ Chí Minh | ||
| 260 | |c 2013 | ||
| 520 | |a Trình bày sơ lược về ấp, thôn, tổ dân phố, trưởng ấp, thôn, tổ; phương pháp và kĩ năng hoạt động của trưởng ấp, thôn, tổ. Giới thiệu một số tình huống thường gặp và cách xử lý | ||
| 650 | |a Local government,Chính quyền địa phương | ||
| 910 | |a Hải | ||
| 980 | |a Trung tâm Học liệu Trường Đại học Cần Thơ | ||